Modelos econométricos /

Kaydedildi:
Detaylı Bibliyografya
Yazar: Pulido San Román, Antonio (autor)
Diğer Yazarlar: Pérez García, Julián (autor) (autor)
Materyal Türü: Kitap
Dil:İspanyolca
Baskı/Yayın Bilgisi: Madrid, España : Pirámide, 2001, c2001
Konular:
Etiketler: Etiketle
Etiket eklenmemiş, İlk siz ekleyin!

MARC

LEADER 00000nam^a2200000^a^4500
001 000183667
005 20250521000000.0
009 20260310102048.181
020 |a 84-368-1534-3 
037 |a Acervo ITESO - Biblioteca 
041 |a ESP 
082 |a 330. 015195  |b PUL 
100 |a Pulido San Román, Antonio  |e (autor) 
245 1 0 |a Modelos econométricos /  |c A. Pulido San Román, J. Pérez García. 
264 4 |a Madrid, España :  |b Pirámide,  |c 2001, c2001 
300 |a 813 p. +  |e 1 disco compacto de computadora 
336 |a texto  |b txt  |2 rdacontenido 
337 |a sin mediación  |b n  |2 rdamedio 
338 |a volumen  |b nc  |2 rdasoporte 
649 |a XX 
650 |a Riesgo Económico 
650 |a Volatilidad (Economía) 
650 |a Equilibrio (Economía) 
650 |a Macroeconomía 
650 |a Variables (Matemáticas) 
650 |a Hipótesis 
650
650 |a Econometría 
650 |a Metodología 
650 |a Economía -  |x Investigación 
650 |a Economía 
700 |a Pérez García, Julián  |e (autor) 
910 |a Fondo General 
920 |a Impresos - Libros 
930 |a Colección General 
905 |a 101 
901 |a 0500124170  |b IT1  |c ACC  |u 20250521 
901 |a SFW0001000  |b IT2  |c SWS  |u 20250521 
902 |a https://opac.biblio.iteso.mx/vufind/Record/000183667